000 01079nab a22002537a 4500
999 _c6490
_d6490
003 OSt
005 20260213101225.0
008 190506c xxu||||| |||| 00| 0 spa d
040 _cPJ
100 _aSotullo Piñeiro, Matías H.
_95676
245 1 0 _aCálculos del art. 12 de la LRT :
_bderribando mitos /
_cMatías H. Sotullo Piñeiro.
260 _aBuenos Aires :
_bAbeledoPerrot,
_c2023.
300 _ap. 5-11
500 _aCita: TR LALEY AR/DOC/1203/2023.
505 _aSumario: I. Introducción.— II. ¿Como calculamos el IBM?— III. Aplicación del art. 770 del Cód. Civ. y Com.—IV. Colofón.
505 _t¿Te interesa el texto completo? Comunicate al correo: koha@justierradelfuego.gov.ar
650 0 _91316
_aDERECHO LABORAL
650 0 _91430
_aRIESGOS DEL TRABAJO
650 0 _91405
_aENFERMEDAD PROFESIONAL
650 0 _95144
_aASEGURADOR POR RIESGOS DEL TRABAJO
650 0 _94942
_aCOMISIONES MÉDICAS
773 0 _02751
_93202
_dBuenos Aires : AbeledoPerrot, 2013-
_tRevista de derecho laboral y seguridad social. Nº 13 - Julio 2023
942 _2udc
_cANA